Normal view
MARC view
- Springer optimization and its applications ;
Entry Uniform Title
001 - CONTROL NUMBER
- control field: 10822
003 - CONTROL NUMBER IDENTIFIER
- control field: NUST
005 - DATE AND TIME OF LATEST TRANSACTION
- control field: 20180604042535.0
008 - FIXED-LENGTH DATA ELEMENTS
- fixed length control field: 180604|| aca||aabn | a|a d
040 ## - CATALOGING SOURCE
- Original cataloging agency: NUST
- Transcribing agency: NUST
130 ## - HEADING--UNIFORM TITLE
- Uniform title: Springer optimization and its applications ;
- Form subdivision: v. 10.
670 ## - SOURCE DATA FOUND
- Source citation: Work cat.: (NUST)0: Jeyakumar, Vaithilingam. 10816, Nonsmooth vector functions and continuous optimization /, c2008.
